000 00561nam a2200181Ia 4500
008 240729s9999 xx 000 0 und d
022 _a2666-7916
245 0 _aCleaner Production Letters
260 _aUnited Kingdom
260 _bElsevier
650 _a Engineering (General). Civil engineering (General)
650 _a Environmental engineering | Technology
650 _a Environmental technology. Sanitary engineering
650 _aTechnology
856 _uhttps://doaj.org/toc/7fe65b97561b43f0ad84985cf1114b02
942 _2ddc
942 _cDOAJEJ
999 _c66548
_d66548
945 _a1
_bMadushi Gamage
_c1
_dMadushi Gamage